Statistics for Athletics - Nationalities of Men's 100 Metres World Record Holders

Click here to take the quiz!

General Stats

  • This quiz has been taken 222 times
  • The average score is 6 of 12

Answer Stats

First HeldCOUNTRY% Correct
1912United States
100%
1976Jamaica
96%
1951United Kingdom
93%
1930Canada
89%
1968France
81%
1935Japan
40%
1967Cuba
38%
1968South Africa
32%
1954West Germany
32%
1934Netherlands
29%
1964Venezuela
2%
1948Panama
1%

Score Distribution

Percentile by Number Answered

Percent of People with Each Score

Your Score History

You have not taken this quiz